[Event "Bogota Grand Prix Parada Bima 3rd"]
[Site "Bogota"]
[Date "2019.11.02"]
[Round "4.7"]
[White "Montiel Sandoval, Oscar"]
[Black "Guerrero, Hernando"]
[Result "0-1"]
[WhiteElo "1620"]
[BlackElo "1808"]
[PlyCount "80"]
[EventDate "2019.11.02"]
[EventType "swiss"]
[EventRounds "6"]
[EventCountry "COL"]
[SourceTitle "EXT 2024"]
[Source "ChessBase"]
[SourceDate "2023.10.10"]
[SourceVersion "1"]
[SourceVersionDate "2023.10.10"]
[SourceQuality "1"]

1. e4 d5 2. Nf3 dxe4 3. Ng5 Nf6 4. Nc3 h6 5. Ngxe4 Nxe4 6. Nxe4 Bf5 7. Ng3 Bg6 8. d4 e6 9. Bc4 c6 10. 0-0 Bd6 11. Re1 0-0 12. Ne4 Bc7 13. c3 Nd7 14. Qg4 Bf5 15. Qf3 a6 16. Ng3 Bg6 17. Nh5 Qh4 18. Nf4 Bh7 19. g3 Qd8 20. Qg4 Nf6 21. Qh3 Bf5 22. Qg2 Rc8 23. Nd3 b5 24. Bxe6 Bxe6 25. Nc5 Bd5 26. Qh3 a5 27. Bd2 Bd6 28. Nb7 Qc7 29. Nxd6 Qxd6 30. Bf4 Qd8 31. Qf5 Qd7 32. Qc2 Qh3 33. f3 Bxf3 34. Re3 Bd5 35. Rf1 Rfe8 36. Be5 Ng4 37. Re2 Nxe5 38. dxe5 Bc4 39. Rf4 Bxe2 40. Qxe2 Re6 0-1

[Event "Bogota Grand Prix Parada Bima 3rd"]
[Site "Bogota"]
[Date "2019.11.02"]
[Round "6.8"]
[White "Montiel Sandoval, Oscar"]
[Black "Prada, Diogenes"]
[Result "1-0"]
[WhiteElo "1620"]
[BlackElo "1897"]
[PlyCount "54"]
[EventDate "2019.11.02"]
[EventType "swiss"]
[EventRounds "6"]
[EventCountry "COL"]
[SourceTitle "EXT 2024"]
[Source "ChessBase"]
[SourceDate "2023.10.10"]
[SourceVersion "1"]
[SourceVersionDate "2023.10.10"]
[SourceQuality "1"]

1. e4 d6 2. d4 Nf6 3. Nc3 g6 4. Be2 Bg7 5. g4 Nc6 6. g5 Nh5 7. d5 Nd4 8. Bxh5 gxh5 9. Be3 Bg4 10. f3 Nxf3+ 11. Nxf3 c6 12. h3 Bxf3 13. Qxf3 Qa5 14. 0-0 0-0-0 15. dxc6 bxc6 16. Qxf7 Bxc3 17. bxc3 Qxc3 18. Qe6+ Rd7 19. Qb3 Qe5 20. Bf4 Qxe4 21. Rab1 Rc7 22. Qb8+ Kd7 23. Qxh8 Qxc2 24. Rb8 Qc5+ 25. Rf2 Qa5 26. Rd8+ Ke6 27. Qg8+ Kf5 1-0